000 00380nam a22001577a 4500
003 OSt
005 20220110151415.0
008 220110b |||||||| |||| 00| 0 eng d
040 _cHU
082 _a368TEK 2004
100 _aTEKLEGIORGIS ASSEFA
_927461
245 _a Risk management and insurance
260 _c2004
300 _aViii170P
_bPC
_c30cm
942 _2ddc
_cBOOKS
_n0
999 _c26354
_d26354